Catálogo

Vista normal Vista MARC

Entrada Personal Name

Número de registros utilizados en: 3

001 - CONTROL NUMBER

  • control field: 10606

003 - CONTROL NUMBER IDENTIFIER

  • control field: DLC

005 - DATE AND TIME OF LATEST TRANSACTION

  • control field: 20250716094332.0

008 - FIXED-LENGTH DATA ELEMENTS

  • fixed length control field: 920504n| azannaabn |a aaa

010 ## - LIBRARY OF CONGRESS CONTROL NUMBER

  • LC control number: n 92048631
  • Canceled/invalid LC control number: no 93033020

035 ## - SYSTEM CONTROL NUMBER

  • System control number: (OCoLC)oca03164333

035 ## - SYSTEM CONTROL NUMBER

  • System control number: (CaEvSKY)skya3814559

040 ## - CATALOGING SOURCE

  • Original cataloging agency: DLC
  • Language of cataloging: spa
  • Description conventions: rda
  • Transcribing agency: Mx-PuUPA
  • Modifying agency: DLC
  • Modifying agency: OCoLC
  • Modifying agency: MX-MoT
  • Modifying agency: Mx-PuUPA

046 ## - SPECIAL CODED DATES

  • Birth date: 1957
  • Source of date scheme: edtf

100 1# - HEADING--PERSONAL NAME

  • Personal name: Amat, Oriol,
  • Dates associated with a name: 1957-

370 ## - ASSOCIATED PLACE

  • Place of birth: Barcelona (España)
  • Source of term: naf

373 ## - ASSOCIATED GROUP

  • Associated group: Universidad Pompeu Fabra
  • Source of term: naf

373 ## - ASSOCIATED GROUP

  • Associated group: (UAB)

374 ## - OCCUPATION

  • Occupation: Profesor universtario
  • Occupation: Autor
  • Occupation: Doctor en Ciencias Económicas
  • Occupation: Licenciado en Ciencias Empresariales
  • Source of term: lcsh

375 ## - GENDER

  • Gender: hombre
  • Source of term: lcdgt

377 ## - ASSOCIATED LANGUAGE

  • Language code: spa
  • Language code: eng

400 1# - SEE FROM TRACING--PERSONAL NAME

  • Personal name: Amat Salas, Oriol
  • Dates associated with a name: 1957

400 1# - SEE FROM TRACING--PERSONAL NAME

  • Personal name: Salas, Oriol Amat
  • Dates associated with a name: 1957

400 1# - SEE FROM TRACING--PERSONAL NAME

  • Personal name: Amat i Salas, Oriol
  • Dates associated with a name: 1957

400 1# - SEE FROM TRACING--PERSONAL NAME

  • Personal name: Salas, Oriol Amat i
  • Dates associated with a name: 1957

400 1# - SEE FROM TRACING--PERSONAL NAME

  • Personal name: Amat, O.
  • Fuller form of name: (Oriol)
  • Dates associated with a name: 1957

670 ## - SOURCE DATA FOUND

  • Source citation: His Análisi dels factors d'èxit del cooperativisme agrari a Catalunya, 1991:
  • Information found: t.p. (Oriol Amat) Spanish CIP (Amat Salas, Oriol) p. ix (Oriol Amat i Salas)

670 ## - SOURCE DATA FOUND

  • Source citation: Análisis técnico bursátil, 1989:
  • Information found: t.p. (O. Amat) p. 4 of cover (Oriol Amat i Salas)

670 ## - SOURCE DATA FOUND

  • Source citation: Manual de análisis de empresas cotizadas, 2015:
  • Information found: title page (Editor: O. Amat) front cover flap (Oriol Amat; Catedrático de economía financiera y contabilidad de la Universidad Pompeu Fabra, presidente de economistas contables del consejo general de economistas y de ACCID)

670 ## - SOURCE DATA FOUND

  • Source citation: Oriol Amat i Salas Biography, via WWW, June 15, 2018
  • Information found: (Nacimiento 1957; Barcelona, España)
  • Uniform Resource Identifier: https://es.wikipedia.org/wiki/Oriol_Amat

670 ## - SOURCE DATA FOUND

  • Source citation: La bolsa funcionamiento y técnicas para invertir, 1993:
  • Information found: t.p. (Oriol Amat) de portada

670 ## - SOURCE DATA FOUND

  • Source citation: Biblioteca del congreso (Estados Unidos), 18 febrero 2020:
  • Information found: Catálogo electrónico
  • Uniform Resource Identifier: http://bit.ly/3bPFLiM